MARC

Tag First Indicator Second Indicator Subfields
LEADER 00000cam a2200000 a 4500
001 in00000079020
005 20151008055207.0
008 810107s1981 enk b 10100 engm
010 |a  80041752  
020 |a 052123770X 
035 |a (OCoLC)07197568 
035 |9 AAJ2803AM 
040 |a DLC  |c DLC  |d TXA  |d UtOrBLW 
049 |a TXAM 
050 0 0 |a QH305  |b .B54 1981 
060 0 |a WZ 70 FA1 B6 1978 
082 0 |a 610/.9/034  |2 19 
245 0 0 |a Biology, medicine and society, 1840-1940 /  |c edited by Charles Webster. 
264 1 |a Cambridge ;  |a New York :  |b Cambridge University Press,  |c 1981. 
300 |a ix, 344 pages ;  |c 22 cm. 
336 |a text  |b txt  |2 rdacontent 
337 |a unmediated  |b n  |2 rdamedia 
338 |a volume  |b nc  |2 rdacarrier 
490 1 |a Past and present publications 
500 |a Revised papers from a conference held by the Past and Present Society in conjunction with the British Society for the History of Science on Sept. 29, 1978. 
504 |a Includes bibliographical references and index. 
650 0 |a Biology  |x History  |x Congresses. 
650 0 |a Sociobiology  |x History  |x Congresses. 
650 0 |a Social medicine  |z Great Britain  |x History  |x Congresses. 
650 0 |a Biology  |x Social aspects  |x History  |x Congresses. 
650 2 |a Biology  |x history  |z England  |x Congresses. 
650 2 |a Social Sciences  |x history  |z England  |x Congresses. 
700 1 |a Webster, Charles,  |d 1936- 
710 2 |a Past and Present Society. 
710 2 |a British Society for the History of Science. 
830 0 |a Past and present publications. 
999 |a MARS 
999 f f |s c6669c3b-1ad7-3076-900e-ca99453d413c  |i 4d798ef3-ce9b-3e6a-8a7e-b9ce30f684a5  |t 0 
952 f f |p ric  |a Texas A&M University  |b Rellis Campus  |c Joint Library Facility  |d Remote Storage  |t 0  |e QH305 .B54 1981  |h Library of Congress classification  |i unmediated -- volume  |m A14810780340 
952 f f |p ric  |a Texas A&M University  |b Rellis Campus  |c Joint Library Facility  |d Remote Storage  |t 0  |e QH305 .B54 1981  |h Library of Congress classification  |i unmediated -- volume  |m A14830538470 
952 f f |a Texas A&M University  |b College Station  |c Sterling C. Evans Library  |d Evans: Library Stacks  |t 0  |e QH305 .B54 1981  |h Library of Congress classification 
998 f f |a QH305 .B54 1981  |t 0  |l Remote Storage 
998 f f |a QH305 .B54 1981  |t 0  |l Evans: Library Stacks